000 00485nam a2200181Ia 4500
001 5190
005 20260306145850.0
008 260306t2013||||xx |||||||||||||| ||spa||
041 _aESP
082 _a337.1
_bR78
100 _aRojas Villanueva, Javier
_eAUT
245 0 _aIntegración económica:
_boportunidades de desarrollo para la micro y pequeña empresa
260 _c2013
300 _a931 páginas :
_c23 cm.
650 _aGEN
654 _aCAN
942 _cLIB
_dJUS
_fJUS
_2ddc
_n
999 _c5190
_d5190